| 000 | 00614nam a2200157Ia 4500 | ||
|---|---|---|---|
| 008 | 220216s9999 xx 000 0 und d | ||
| 100 | _aGeevergees P V | ||
| 245 | 0 | _aImpact of processing and marketing of natural rubber through Rubber producers societies | |
| 260 | _bGlobal Competitiveness of Indian Rubber Plantation Industry : Rubber Planters Conference, India 2002. (Eds. C. Kuruvilla Jacob). Rubber Research Institute of India, Kottayam, Kerala, pp.374-379. | ||
| 650 | _aMarketing | ||
| 650 | _aNatural rubber | ||
| 650 | _aRPS | ||
| 700 | _aAchuthankutty P | ||
| 700 | _aJames Mathews T | ||
| 942 | _cJS | ||
| 999 |
_c60758 _d60758 |
||